The adventures of Tom Sawyer (Registo nº 52444)

Detalhes MARC
000 -Etiqueta do registo
campo de controlo de comprimento fixo 006090000a22002050004500
001 - Identificador do registo
Campo de controlo 52444
100 ## - Dados Gerais de Proc.
Dados gerais de processamento 20170316d2017 k y0pory5003 ba
101 0# - Língua da publicação
Língua do texto, banda sonora, etc. Português
102 ## - País de Publicação
País de publicação Portugal
200 1# - Título
Título próprio The adventures of Tom Sawyer
Primeira menção de responsabilidade Mark Twain
210 ## - Publicação, Distribuição
Lugar da edição, distribuição, etc. Oxford
Nome do editor, distribuidor, etc. Oxford University Press
Data da publicação, distribuição, etc. [s.d]
215 ## - Descrição física
Descrição física 48 p.
Outras indicações físicas il.
Dimensões 20 cm
606 ## - Nome comum
Elemento de entrada Literatura inglesa
Subdivisão de assunto Conto
675 ## - CDU
Notação 821.111-93
Edição BN
Língua da edição Português
675 ## - CDU
Notação 821.111-34
Edição BN
Língua da edição Português
700 #1 - Responsabilidade principal
Palavra de ordem Twain
Outra parte do nome Mark
Elementos de identificação ou distinção pseud.
801 ## - Fonte de origem
País Portugal
Data da última transacção 20170316
090 ## - Números de controlo do sistema (Koha)
Número biblioitem do Koha (gerado automaticamente) 52444
942 ## - Elementos de entrada adicionados (Koha)
Tipo de item no Koha Monografias
Suprimido Disponível no OPAC
999 ## - Campo local
Campo local 52444
-- Bibliobase - BEBDPPC
-- 2019-01-21
Exemplares
Perdido (estado) Data de aquisição Origem do registo (biblioteca) (codificado) Código da organização que empresta ou é detentora (biblioteca) Código de barras Cota Tipo de circulação (não pode ser emprestado) Tipo de item e material
Disponível 2017-03-16 Biblioteca EB23 D. Paio Peres Correia Biblioteca EB23 D. Paio Peres Correia BEBDPPC8374 82-93 TWA Normal Monografias